[Event "10eme Open International de La Fere"]
[Site "La Fere (FRA)"]
[Date "2011.07.09"]
[Round "9.19"]
[White "Rouffignac, Tanguy"]
[Black "Caloone, Thomas"]
[Result "0-1"]
[WhiteElo "1964"]
[BlackElo "1640"]
[PlyCount "74"]
[EventDate "2011.??.??"]

1. e4 e6 2. d4 d5 3. Nd2 dxe4 4. Nxe4 Nd7 5. g3 Ngf6 6. Nxf6+ Nxf6 7. Bg2 Bd6
8. Nf3 O-O 9. O-O Bd7 10. c4 Bc6 11. Re1 Bb4 12. Bd2 Bxd2 13. Qxd2 Rb8 14. a4
b6 15. b4 Bxf3 16. Bxf3 c5 17. Red1 cxd4 18. Qxd4 Qxd4 19. Rxd4 Rfd8 20. Rad1
Rxd4 21. Rxd4 Kf8 22. Bc6 Ke7 23. f3 Rd8 24. Rxd8 Kxd8 25. Kf2 Kc7 26. Ba8 Nd7
27. Ke3 a5 28. bxa5 bxa5 29. Be4 h6 30. Kd4 Kd6 31. Bc2 e5+ 32. Kc3 Kc5 33. Kb2
Nb6 34. Be4 Nxc4+ 35. Kc3 Nb6 36. Bc2 Nd5+ 37. Kd3 Nb4+ 0-1

[Event "10eme Open International de La Fere"]
[Site "La Fere (FRA)"]
[Date "2011.07.09"]
[Round "9.20"]
[White "Meunier, Samuel"]
[Black "Menjour, Mohamed"]
[Result "1-0"]
[WhiteElo "1950"]
[BlackElo "1770"]
[PlyCount "67"]
[EventDate "2011.??.??"]

1. e4 c5 2. Nf3 Nc6 3. d4 cxd4 4. Nxd4 e5 5. Nb5 a6 6. Nd6+ Bxd6 7. Qxd6 Qf6 8.
Qd1 Qg6 9. Nc3 Nge7 10. Be3 b5 11. Qd2 O-O 12. f3 Rb8 13. Nd5 d6 14. O-O-O Rd8
15. g4 Nxd5 16. exd5 Ne7 17. h4 f5 18. Bd3 Qf7 19. Bg5 fxg4 20. fxg4 Re8 21.
Bxe7 Qxe7 22. Be2 Rf8 23. h5 Rf2 24. Qe3 Qf7 25. Kb1 Rf4 26. g5 Bf5 27. Bd3 Bg4
28. Bxh7+ Kh8 29. Bg6 Qe7 30. h6 Qxg5 31. hxg7+ Kxg7 32. Qa7+ Kxg6 33. Qh7+ Kf6
34. Rh6+ 1-0

[Event "10eme Open International de La Fere"]
[Site "La Fere (FRA)"]
[Date "2011.07.09"]
[Round "9.21"]
[White "Paris, Pierre-Julien"]
[Black "Rigolot, Lucie"]
[Result "0-1"]
[WhiteElo "1650"]
[BlackElo "1946"]
[PlyCount "86"]
[EventDate "2011.??.??"]

1. e4 c5 2. Nc3 a6 3. g3 b5 4. Bg2 Bb7 5. d3 e6 6. Be3 Nf6 7. h3 Nc6 8. Qd2 d6
9. Nge2 Be7 10. O-O Qc7 11. d4 cxd4 12. Nxd4 Ne5 13. a3 Rc8 14. Qe2 Nc4 15. Bc1
O-O 16. Kh2 Rfd8 17. b3 Nxa3 18. Bxa3 Qxc3 19. Qd3 Qc7 20. Rfc1 Nd7 21. c4 Ne5
22. Qe2 bxc4 23. f4 Nc6 24. Nxc6 Bxc6 25. Rxc4 Qb7 26. Qc2 Bf8 27. Rc1 Bd7 28.
Rc7 Rxc7 29. Qxc7 Qxc7 30. Rxc7 Bb5 31. Kg1 d5 32. Bxf8 Kxf8 33. exd5 exd5 34.
Rc2 d4 35. Rd2 d3 36. Kf2 Rc8 37. Be4 Rc3 38. Ke3 Rxb3 39. Bxh7 g6 40. f5 Kg7
41. fxg6 fxg6 42. Bxg6 Kxg6 43. Kf4 Rc3 0-1

[Event "10eme Open International de La Fere"]
[Site "La Fere (FRA)"]
[Date "2011.07.09"]
[Round "9.22"]
[White "Galtier, Antoine"]
[Black "Londers, Jan"]
[Result "0-1"]
[WhiteElo "1757"]
[BlackElo "1877"]
[PlyCount "52"]
[EventDate "2011.??.??"]

1. d4 Nf6 2. Nf3 c5 3. e3 e6 4. Bd3 d5 5. b3 cxd4 6. exd4 Bb4+ 7. c3 Bd6 8. O-O
b6 9. Ne5 Ba6 10. Bxa6 Nxa6 11. Qe2 Nc7 12. Bg5 h6 13. Bh4 g5 14. Bg3 Ne4 15.
Qh5 Qf6 16. Ng4 Qg6 17. Qxg6 fxg6 18. Bxd6 Nxd6 19. Ne5 Rf8 20. Re1 Nf7 21. Nd2
Nxe5 22. Rxe5 Kd7 23. Rae1 Rae8 24. c4 Rf5 25. cxd5 Rxe5 26. dxe6+ R5xe6 0-1

[Event "10eme Open International de La Fere"]
[Site "La Fere (FRA)"]
[Date "2011.07.09"]
[Round "9.23"]
[White "Durot, Edwige"]
[Black "Boudier, Eric"]
[Result "1/2-1/2"]
[WhiteElo "1693"]
[BlackElo "1840"]
[PlyCount "46"]
[EventDate "2011.??.??"]

1. e4 Nc6 2. Nc3 e6 3. d3 Bc5 4. Nf3 d6 5. d4 Bb6 6. Bc4 Nce7 7. O-O Ng6 8. Na4
c6 9. Nxb6 axb6 10. c3 N8e7 11. Re1 O-O 12. Qb3 b5 13. Bd3 e5 14. Qc2 Be6 15.
a3 Qa5 16. dxe5 Nxe5 17. Nxe5 dxe5 18. Be3 Ng6 19. g3 Qc7 20. Bf1 Qc8 21. Rad1
Rd8 22. Rxd8+ Qxd8 23. Rd1 Qc7 1/2-1/2

[Event "10eme Open International de La Fere"]
[Site "La Fere (FRA)"]
[Date "2011.07.09"]
[Round "9.24"]
[White "Tawegoum, Ivan"]
[Black "Dermenghen, Thomas"]
[Result "1/2-1/2"]
[WhiteElo "1640"]
[BlackElo "1839"]
[PlyCount "51"]
[EventDate "2011.??.??"]

1. e4 Nf6 2. Nc3 e5 3. Nf3 Nc6 4. Bc4 Bc5 5. O-O O-O 6. d3 h6 7. Be3 Bxe3 8.
fxe3 Re8 9. Qd2 Na5 10. Bb3 Nxb3 11. axb3 d5 12. exd5 Nxd5 13. Nxd5 Qxd5 14. e4
Qd6 15. Kh1 f5 16. exf5 Bxf5 17. Qf2 e4 18. Nd2 Rf8 19. dxe4 Bxe4 20. Nxe4 Rxf2
21. Nxd6 Rxf1+ 22. Rxf1 cxd6 23. Kg1 Re8 24. Kf2 Re5 25. Rd1 Re6 26. b4 1/2-1/2

[Event "10eme Open International de La Fere"]
[Site "La Fere (FRA)"]
[Date "2011.07.09"]
[Round "9.25"]
[White "Soveaux, Jean"]
[Black "Rouffignac, Marie"]
[Result "0-1"]
[WhiteElo "1893"]
[BlackElo "1568"]
[PlyCount "50"]
[EventDate "2011.??.??"]

1. d4 d5 2. c4 e6 3. Nc3 Be7 4. Nf3 Nf6 5. Bg5 O-O 6. e3 a6 7. Qc2 Nbd7 8. Bd3
dxc4 9. Bxc4 b5 10. Bd3 h6 11. Bh4 Bb7 12. Nd2 c5 13. Nce4 cxd4 14. exd4 Rc8
15. Qd1 Nb6 16. Nxf6+ Bxf6 17. Bxf6 Qxf6 18. O-O Qxd4 19. Nf3 Qxb2 20. Rb1 Qxa2
21. Ne5 Qd5 22. Nf3 Rfd8 23. Be2 Qxd1 24. Bxd1 Nc4 25. Re1 Bxf3 0-1

[Event "10eme Open International de La Fere"]
[Site "La Fere (FRA)"]
[Date "2011.07.09"]
[Round "9.26"]
[White "Fauchart, Francois"]
[Black "Koechler, Thomas"]
[Result "0-1"]
[WhiteElo "1642"]
[BlackElo "1989"]
[PlyCount "60"]
[EventDate "2011.??.??"]

1. d4 d5 2. Nf3 Nf6 3. Bf4 Bf5 4. Nbd2 Nc6 5. c3 e6 6. e3 Bd6 7. Bg3 O-O 8. Be2
h6 9. O-O Bxg3 10. fxg3 Ng4 11. Qb3 Nxe3 12. Qxb7 Nxf1 13. Bxf1 Qd6 14. Qa6 e5
15. Bb5 Ne7 16. Nxe5 Qxa6 17. Bxa6 Ng6 18. Ndf3 Rab8 19. b4 Nxe5 20. Nxe5 f6
21. Nc6 Rb6 22. Ne7+ Kh7 23. b5 Be6 24. a4 Re8 25. Nc6 Bd7 26. a5 Rxa6 27. bxa6
Bxc6 28. Rb1 Re3 29. Rb3 Re1+ 30. Kf2 Ra1 0-1

[Event "10eme Open International de La Fere"]
[Site "La Fere (FRA)"]
[Date "2011.07.09"]
[Round "9.27"]
[White "Roux, Jean-Francois"]
[Black "Poulain, Andre"]
[Result "0-1"]
[WhiteElo "1682"]
[BlackElo "1804"]
[PlyCount "144"]
[EventDate "2011.??.??"]

1. d4 Nf6 2. c4 e5 3. dxe5 Ng4 4. e4 Nxe5 5. f4 Ng6 6. Nf3 Bb4+ 7. Nc3 Bxc3+ 8.
bxc3 d6 9. Be2 Nc6 10. O-O O-O 11. Be3 Qe7 12. Qc2 f5 13. Bd3 fxe4 14. Bxe4 Bf5
15. Bd5+ Kh8 16. Qd2 Be4 17. Rae1 Bxf3 18. Bxf3 Qf6 19. g3 Nge7 20. Bd4 Nxd4
21. cxd4 c6 22. d5 cxd5 23. cxd5 Nf5 24. Re6 Qd8 25. Kh1 Qb6 26. Rd1 Rac8 27.
Be4 Qc5 28. Bxf5 Rxf5 29. Rde1 Rcf8 30. Re8 Kg8 31. Rxf8+ Kxf8 32. Rd1 a5 33.
Qd3 g6 34. Qe4 Qa3 35. Re1 Rf7 36. Re2 a4 37. Kg2 Qc5 38. Rc2 Re7 39. Qd3 Qe3
40. Rc8+ Kf7 41. Qxe3 Rxe3 42. Rc7+ Re7 43. Rc2 b5 44. Kf3 Rb7 45. Ke4 h6 46.
g4 b4 47. Rb2 b3 48. axb3 Rb4+ 49. Ke3 Kf6 50. g5+ hxg5 51. fxg5+ Kxg5 52. Rg2+
Kf5 53. bxa4 Rxa4 54. Kd3 g5 55. Rf2+ Ke5 56. Rg2 g4 57. Rf2 Kxd5 58. Rf5+ Ke6
59. Rh5 d5 60. Rh6+ Kd7 61. Rh5 Kd6 62. Rh6+ Kc5 63. Rh8 Ra3+ 64. Kd2 Kd4 65.
Kc2 Rh3 66. Rxh3 gxh3 67. Kd2 Ke4 68. Ke2 d4 69. Kd2 Kf3 70. Kd3 Kg2 71. Kxd4
Kxh2 72. Ke3 Kg2 0-1

[Event "10eme Open International de La Fere"]
[Site "La Fere (FRA)"]
[Date "2011.07.09"]
[Round "9.28"]
[White "Louis, Andre"]
[Black "Dupont, Victor"]
[Result "0-1"]
[WhiteElo "1800"]
[BlackElo "1609"]
[PlyCount "80"]
[EventDate "2011.??.??"]

1. e4 e5 2. Nf3 d6 3. d4 exd4 4. Nxd4 Nf6 5. Nc3 g6 6. Bg5 Bg7 7. Qd2 O-O 8. h4
Re8 9. f3 Nbd7 10. h5 c6 11. hxg6 fxg6 12. O-O-O Qc7 13. Bc4+ Kh8 14. Bf7 Re7
15. Bxg6 Ne5 16. Bxh7 Nxh7 17. Bxe7 Qxe7 18. Nde2 Nc4 19. Qd3 Be6 20. f4 d5 21.
e5 Bg8 22. Rh3 Qb4 23. Rdh1 Qxb2+ 24. Kd1 Qa1+ 25. Nc1 Nb2+ 26. Kd2 Nxd3 27.
Nxd3 Qxh1 28. Rxh1 Bf7 29. f5 Re8 30. e6 Bxc3+ 31. Kxc3 Bxe6 32. fxe6 Rxe6 33.
Nc5 Re7 34. Rb1 b6 35. Nd3 Nf6 36. Nf4 Re3+ 37. Kd2 Ra3 38. Ng6+ Kg7 39. Ne7
Ne4+ 40. Ke2 Nc3+ 0-1

[Event "10eme Open International de La Fere"]
[Site "La Fere (FRA)"]
[Date "2011.07.09"]
[Round "9.30"]
[White "Bouchard, Sebastien"]
[Black "Dernoncourt, Christophe"]
[Result "0-1"]
[WhiteElo "1610"]
[BlackElo "1772"]
[PlyCount "56"]
[EventDate "2011.??.??"]

1. d4 d5 2. c4 c6 3. Nc3 Nf6 4. Bg5 Nbd7 5. Nf3 h6 6. Bh4 dxc4 7. a4 Qa5 8. Nd2
Nd5 9. Qc1 Nxc3 10. bxc3 Qh5 11. Bg3 b5 12. e3 Nb6 13. axb5 cxb5 14. Ra5 Qg6
15. Rxb5 Bd7 16. Ra5 e6 17. Qb2 Bc6 18. f3 Na4 19. Qc1 Be7 20. Kf2 Bd8 21. Ra6
Bb5 22. Bxc4 Bxa6 23. Bxa6 O-O 24. Bb7 Ba5 25. Bxa8 Rxa8 26. c4 Qd3 27. Ne4 f5
28. Nd6 Bd2 0-1

[Event "10eme Open International de La Fere"]
[Site "La Fere (FRA)"]
[Date "2011.07.09"]
[Round "9.31"]
[White "De Brouwere, Johan"]
[Black "Soriano, Jean-Claude"]
[Result "1-0"]
[WhiteElo "1768"]
[BlackElo "1560"]
[PlyCount "117"]
[EventDate "2011.??.??"]

1. d4 d5 2. Nf3 c6 3. g3 Bf5 4. Bg2 Nf6 5. O-O e6 6. c4 Bd6 7. Nc3 O-O 8. Nh4
Bg6 9. Nxg6 hxg6 10. Bg5 Nbd7 11. Rc1 Qa5 12. Bd2 Qd8 13. cxd5 exd5 14. Qb3 Qb6
15. Qxb6 Nxb6 16. b3 Rfe8 17. e3 a5 18. a4 Bb4 19. Rc2 Re7 20. Na2 Bxd2 21.
Rxd2 Ne4 22. Rc2 f5 23. Nc1 Nd7 24. Nd3 Kf7 25. Bxe4 dxe4 26. Nb2 Nb6 27. Nc4
Nxc4 28. bxc4 Rd7 29. c5 Ke6 30. Rb1 Ra7 31. h4 Kf6 32. Kg2 Ke6 33. Rcb2 Kf6
34. Rh1 Ra8 35. Rb6 Ke6 36. Rhb1 Ra7 37. Kf1 Kf6 38. Ke2 Ke6 39. Kd2 Kd5 40.
Kc3 Rf7 41. Rh1 Rf8 42. Rh2 Rh8 43. Rb1 Rh5 44. g4 Rh7 45. gxf5 gxf5 46. Rg2
Ke6 47. Kc4 Kf6 48. Rbg1 Ra8 49. Rg6+ Kf7 50. R1g5 Rd8 51. h5 Rd5 52. Rd6 Rxd6
53. cxd6 Rh6 54. Rxf5+ Ke6 55. Rxa5 Kxd6 56. Re5 Re6 57. Rxe6+ Kxe6 58. Kc5 Kd7
59. d5 1-0

[Event "10eme Open International de La Fere"]
[Site "La Fere (FRA)"]
[Date "2011.07.09"]
[Round "9.32"]
[White "Van Poucke, Anthony"]
[Black "Brobecker, Alain"]
[Result "0-1"]
[WhiteElo "1599"]
[BlackElo "1757"]
[PlyCount "54"]
[EventDate "2011.??.??"]

1. e4 d5 2. exd5 Nf6 3. d4 Nxd5 4. c4 Nb6 5. Nc3 e5 6. dxe5 Qxd1+ 7. Kxd1 Nc6
8. Nb5 Bg4+ 9. f3 O-O-O+ 10. Bd2 Bb4 11. Nc3 Be6 12. f4 Nxc4 13. Bxc4 Bxc4 14.
Nf3 Nd4 15. Nxd4 Rxd4 16. Kc1 Rhd8 17. Rd1 Bxc3 18. bxc3 R4d7 19. Kc2 Be2 20.
g3 Rd3 21. a3 b6 22. Ra2 Bxd1+ 23. Kxd1 Rxc3 24. Ke2 Rb3 25. f5 Rdd3 26. Bb4 c5
27. Bd2 Kd7 0-1

[Event "10eme Open International de La Fere"]
[Site "La Fere (FRA)"]
[Date "2011.07.09"]
[Round "9.33"]
[White "Dagnicourt, Francis"]
[Black "Lapersonne, Patrick"]
[Result "1/2-1/2"]
[WhiteElo "1729"]
[BlackElo "1524"]
[PlyCount "76"]
[EventDate "2011.??.??"]

1. d4 Nf6 2. c4 g6 3. Nc3 Bg7 4. e4 d6 5. f4 e6 6. Nf3 O-O 7. Be2 c5 8. e5 dxe5
9. fxe5 Ne8 10. Bg5 Qc7 11. O-O cxd4 12. Nb5 Qc5 13. Qxd4 Qxd4+ 14. Nfxd4 Bxe5
15. Rad1 f6 16. Bh6 Ng7 17. Nf3 Nc6 18. Nxe5 Nxe5 19. Rd6 b6 20. Nc7 Nf7 21.
Bxg7 Kxg7 22. Nxe6+ Bxe6 23. Rxe6 Ng5 24. Re7+ Rf7 25. Rxf7+ Nxf7 26. Bf3 Rc8
27. Bd5 Ne5 28. b3 Nc6 29. Re1 Kf8 30. Re6 Nb4 31. Rxf6+ Ke8 32. Re6+ Kd7 33.
Re5 Kd6 34. Re6+ Kd7 35. Re2 Nxd5 36. cxd5 Kd6 37. Kf2 Rc5 38. Rd2 Rxd5 1/2-1/2

[Event "10eme Open International de La Fere"]
[Site "La Fere (FRA)"]
[Date "2011.07.09"]
[Round "9.34"]
[White "Van Poucke, Guy"]
[Black "Biniaux, Michael"]
[Result "1-0"]
[WhiteElo "1490"]
[BlackElo "1720"]
[PlyCount "31"]
[EventDate "2011.??.??"]

1. e4 d5 2. exd5 Qxd5 3. d4 e5 4. Nc3 Qxd4 5. Be3 Qxd1+ 6. Rxd1 Bb4 7. Bc4
Bxc3+ 8. bxc3 Ne7 9. Ne2 Bg4 10. f3 Bh5 11. O-O O-O 12. Ng3 Bg6 13. Bb3 b6 14.
Bg5 Re8 15. Bxe7 Rxe7 16. Rd8+ 1-0

[Event "10eme Open International de La Fere"]
[Site "La Fere (FRA)"]
[Date "2011.07.09"]
[Round "9.35"]
[White "Podvin, Celine"]
[Black "Paillard, Maximilien"]
[Result "0-1"]
[WhiteElo "1150"]
[BlackElo "1703"]
[PlyCount "72"]
[EventDate "2011.??.??"]

1. e4 e6 2. Nf3 b6 3. d4 Bb7 4. Nc3 Bb4 5. Bd3 Nf6 6. Bg5 Be7 7. e5 Nd5 8. Bxe7
Nxe7 9. O-O Nbc6 10. Bb5 Ng6 11. Re1 Nce7 12. Bc4 d5 13. exd6 cxd6 14. d5 e5
15. Bb5+ Kf8 16. Qd3 Nf4 17. Qd2 Nexd5 18. Nxd5 Bxd5 19. Qe3 Qf6 20. c4 Nh3+
21. Kf1 Bxf3 22. gxf3 Qg5 23. Qe4 Qg1+ 24. Ke2 Qxf2+ 25. Kd3 Rd8 26. Kc3 Ng5
27. Qd3 Nxf3 28. Rf1 Qd4+ 29. Kc2 Qxd3+ 30. Kxd3 Nd4 31. Ba4 Ke7 32. b4 Ne6 33.
Ke4 g6 34. Kd5 Rc8 35. Rac1 f5 36. Bc6 Nc7# 0-1

[Event "10eme Open International de La Fere"]
[Site "La Fere (FRA)"]
[Date "2011.07.09"]
[Round "9.36"]
[White "Vernede, Victor"]
[Black "Devaux, Jean-Marc"]
[Result "1-0"]
[WhiteElo "1702"]
[BlackElo "1470"]
[PlyCount "57"]
[EventDate "2011.??.??"]

1. d4 Nf6 2. c4 e6 3. Nc3 d5 4. e3 Bb4 5. Bd2 c5 6. Nf3 Nc6 7. cxd5 exd5 8. a3
Bxc3 9. Bxc3 c4 10. b3 b5 11. Be2 O-O 12. O-O Bd7 13. Qc2 a5 14. bxc4 bxc4 15.
Nd2 Re8 16. Bf3 Be6 17. Nxc4 dxc4 18. Bxc6 Re7 19. Bxa8 Qxa8 20. Qa4 Nd5 21.
Rfc1 Nxc3 22. Rxc3 Rb7 23. Qc2 Qb8 24. e4 Rb2 25. Qc1 Qb6 26. Qe3 a4 27. d5 Bd7
28. Qxb6 Rxb6 29. Rxc4 1-0

[Event "10eme Open International de La Fere"]
[Site "La Fere (FRA)"]
[Date "2011.07.09"]
[Round "9.37"]
[White "Eeckhout, Jean-Louis"]
[Black "Podvin, Antoine"]
[Result "1-0"]
[WhiteElo "1696"]
[BlackElo "1377"]
[PlyCount "121"]
[EventDate "2011.??.??"]

1. d4 d5 2. c4 c6 3. Nc3 dxc4 4. e4 b5 5. h3 Nf6 6. a3 e6 7. Bg5 Be7 8. Nf3
Nbd7 9. g3 Bb7 10. Bg2 a6 11. O-O O-O 12. Qc2 Qc7 13. e5 h6 14. exf6 Nxf6 15.
Bf4 Bd6 16. Bxd6 Qxd6 17. Ne4 Nxe4 18. Qxe4 Rab8 19. Qe5 Qe7 20. Qc5 Qf6 21.
Ne5 Rbc8 22. Nd7 Qd8 23. Qxf8+ Qxf8 24. Nxf8 Kxf8 25. f4 Rd8 26. Rfd1 g6 27.
Rac1 Rd6 28. Rc3 Rd7 29. b3 c5 30. Bxb7 cxd4 31. Be4 Ke7 32. Rcc1 cxb3 33. Rb1
f5 34. Bd3 a5 35. Bxb5 Rb7 36. a4 Rc7 37. Rxb3 Rc5 38. Rbd3 Kf6 39. Rxd4 Rc3
40. Kf2 g5 41. fxg5+ hxg5 42. Re1 Rc2+ 43. Re2 Rc3 44. Rd6 f4 45. Rdxe6+ Kf7
46. gxf4 gxf4 47. Bd7 f3 48. R2e3 Rxe3 49. Rxe3 Kg6 50. Kxf3 Kg5 51. Re5+ Kf6
52. Rxa5 Ke7 53. Rd5 Kf6 54. a5 Ke7 55. a6 Kf6 56. a7 Ke7 57. a8=Q Kf6 58. Qa6+
Ke7 59. Bg4 Kf7 60. Rd7+ Ke8 61. Qa8# 1-0

[Event "10eme Open International de La Fere"]
[Site "La Fere (FRA)"]
[Date "2011.07.09"]
[Round "9.39"]
[White "Gomes, Alexis"]
[Black "Alloui-Cros, Baptiste"]
[Result "1/2-1/2"]
[WhiteElo "1710"]
[BlackElo "1599"]
[PlyCount "55"]
[EventDate "2011.??.??"]

1. e4 c5 2. Nf3 Nc6 3. d4 cxd4 4. Nxd4 d5 5. Nc3 dxe4 6. Bb5 Bd7 7. Nxc6 Bxc6
8. Bxc6+ bxc6 9. Qxd8+ Rxd8 10. Nxe4 f5 11. Ng3 g6 12. Be3 Bg7 13. Rb1 a6 14.
O-O e5 15. Rfe1 f4 16. Bxf4 Kf7 17. Bxe5 Bxe5 18. Rxe5 Rd2 19. Re2 Rxe2 20.
Nxe2 Nf6 21. f3 Rd8 22. Kf1 Nd5 23. Ke1 Ne3 24. Kf2 Nxc2 25. Rc1 Rd2 26. Kf1
Ne3+ 27. Kf2 Nc2 28. Kf1 1/2-1/2

[Event "10eme Open International de La Fere"]
[Site "La Fere (FRA)"]
[Date "2011.07.09"]
[Round "9.41"]
[White "Wolfangel, Jocelyne"]
[Black "Chevance, Gerard"]
[Result "0-1"]
[WhiteElo "1438"]
[BlackElo "1660"]
[PlyCount "74"]
[EventDate "2011.??.??"]

1. d4 d5 2. Nf3 Nf6 3. c4 c6 4. Nc3 e6 5. a3 Nbd7 6. c5 Qc7 7. e3 e5 8. b4 Be7
9. h3 O-O 10. Be2 Re8 11. O-O Bf8 12. Bb2 exd4 13. Nxd4 g6 14. Nf3 Bg7 15. Rb1
b6 16. Na4 b5 17. Nc3 a5 18. Qc1 Nf8 19. Re1 Bf5 20. Ra1 a4 21. Nd4 Bd7 22. Bf3
Re7 23. e4 Rae8 24. Qd2 dxe4 25. Bd1 Bc8 26. Bc2 Rd8 27. Qe3 Nd5 28. Nxd5 Rxd5
29. Bxe4 Bf5 30. Nxf5 gxf5 31. Bxg7 fxe4 32. Bxf8 Kxf8 33. Qh6+ Kg8 34. Qg5+
Rxg5 35. Rad1 Qf4 36. Rd8+ Kg7 37. Rd6 Qf5 0-1

[Event "10eme Open International de La Fere"]
[Site "La Fere (FRA)"]
[Date "2011.07.09"]
[Round "9.42"]
[White "Gaudin, Roger"]
[Black "Pruvost, Alain"]
[Result "0-1"]
[WhiteElo "1535"]
[BlackElo "1647"]
[PlyCount "80"]
[EventDate "2011.??.??"]

1. d4 c5 2. d5 Nf6 3. c4 g6 4. Bd2 Ne4 5. Bf4 Qa5+ 6. Nd2 Bg7 7. Qc2 Nxd2 8.
Bxd2 Qa6 9. e4 d6 10. Nf3 Bd7 11. Bc3 f6 12. Bd3 b5 13. b3 b4 14. Bb2 Bg4 15.
Nd2 O-O 16. O-O f5 17. Bxg7 Kxg7 18. f3 fxe4 19. fxg4 exd3 20. Qxd3 Nd7 21. g5
Rxf1+ 22. Nxf1 Ne5 23. Qe2 Rf8 24. Ne3 Qc8 25. Rf1 Rxf1+ 26. Qxf1 Qf8 27. Qd1
Qf4 28. Qe2 Qxg5 29. h3 Qf4 30. Ng4 h5 31. Nxe5 dxe5 32. Qf2 Qxf2+ 33. Kxf2 Kf6
34. Ke3 h4 35. Ke4 a6 36. Ke3 Kf5 37. Kf3 e4+ 38. Ke3 a5 39. Ke2 Kf4 40. Kf1
Ke3 0-1

[Event "10eme Open International de La Fere"]
[Site "La Fere (FRA)"]
[Date "2011.07.09"]
[Round "9.43"]
[White "Duquenne, Eddy"]
[Black "Huyet, Yannick"]
[Result "1-0"]
[WhiteElo "1523"]
[BlackElo "1629"]
[PlyCount "109"]
[EventDate "2011.??.??"]

1. e4 Nf6 2. Nc3 e5 3. Nf3 Nc6 4. d4 exd4 5. Nxd4 Nxd4 6. Qxd4 d6 7. Bc4 Be6 8.
Bxe6 fxe6 9. O-O Be7 10. Be3 O-O 11. Rad1 e5 12. Qc4+ Kh8 13. Bc5 b6 14. Be3 a6
15. Nd5 Nxd5 16. Qxd5 Qd7 17. c3 c6 18. Qxe5 Qb7 19. Qh5 Rad8 20. Rd3 Bf6 21.
Rfd1 g6 22. Qg4 Qc7 23. Bd4 Bxd4 24. Rxd4 Rfe8 25. Qg3 Qe7 26. Qd3 d5 27. exd5
Qe1+ 28. Rxe1 Rxe1+ 29. Qf1 Rxf1+ 30. Kxf1 Rxd5 31. Rxd5 cxd5 32. Ke2 Kg7 33.
Kd3 Kf6 34. Kd4 Ke6 35. c4 dxc4 36. Kxc4 g5 37. Kd4 h6 38. g4 Kd6 39. h3 Ke6
40. Ke4 a5 41. f4 gxf4 42. Kxf4 Kf6 43. h4 b5 44. Ke4 b4 45. g5+ hxg5 46. hxg5+
Kxg5 47. Kd4 b3 48. a3 Kf6 49. Kc4 Ke6 50. Kxb3 Kd6 51. Ka4 Kc6 52. Kxa5 Kb7
53. Kb5 Ka7 54. Kc6 Kb8 55. b4 1-0

[Event "10eme Open International de La Fere"]
[Site "La Fere (FRA)"]
[Date "2011.07.09"]
[Round "9.44"]
[White "Vernadet, Cyril"]
[Black "Bouguettouche, Didier"]
[Result "1-0"]
[WhiteElo "1649"]
[BlackElo "1410"]
[PlyCount "65"]
[EventDate "2011.??.??"]

1. e4 e5 2. Nc3 Nf6 3. Bc4 Bc5 4. Nf3 Ng4 5. d4 exd4 6. Nxd4 d6 7. O-O Qf6 8.
Nce2 Qe5 9. Bf4 Qf6 10. c3 O-O 11. Qd2 Ne5 12. Bb3 Nbc6 13. Ng3 Bb6 14. Rae1
Ng6 15. Bg5 Qe5 16. Nxc6 bxc6 17. Kh1 Be6 18. f4 Qc5 19. f5 Bxb3 20. fxg6 Bc4
21. gxh7+ Kxh7 22. Rf3 d5 23. e5 d4 24. Nf5 Rae8 25. Qf4 f6 26. Qh4+ Kg8 27.
Bf4 dxc3 28. Qg4 Rf7 29. Nh6+ Kf8 30. Nxf7 Kxf7 31. bxc3 fxe5 32. Bxe5+ Kg8 33.
Qxg7# 1-0

[Event "10eme Open International de La Fere"]
[Site "La Fere (FRA)"]
[Date "2011.07.09"]
[Round "9.45"]
[White "Denis, Monique"]
[Black "Siegfried, Francois"]
[Result "1-0"]
[WhiteElo "1480"]
[BlackElo "1314"]
[PlyCount "69"]
[EventDate "2011.??.??"]

1. e4 e5 2. Nf3 Nc6 3. Bc4 Bc5 4. c3 d6 5. d4 exd4 6. cxd4 Bb4+ 7. Nc3 Bg4 8.
a3 Ba5 9. b4 Bb6 10. Qd3 Nf6 11. d5 Bxf3 12. dxc6 bxc6 13. Qxf3 Bd4 14. O-O O-O
15. Re1 c5 16. Qg3 Nh5 17. Qd3 Qf6 18. Rf1 Qg6 19. Bb2 Nf4 20. Qg3 Qf6 21. Nd5
Nxd5 22. Bxd4 Qxd4 23. Bxd5 Rae8 24. bxc5 Qxc5 25. Rac1 Qb6 26. Rc3 Re7 27. Rf3
a5 28. Qf4 h6 29. Rg3 Kh7 30. Qg4 Rg8 31. Qf5+ g6 32. Qf6 Rge8 33. Bxf7 g5 34.
Qg6+ Kh8 35. Qxh6# 1-0